UBT Library

RADIOGRAPHIC IMAGING&EXPOSURE (Record no. 58840)

000 -LEADER
fixed length control field 00347nam a22001457a 4500
008 - FIXED-LENGTH DATA ELEMENTS--GENERAL INFORMATION
fixed length control field 221110b ||||| |||| 00| 0 eng d
020 ## - INTERNATIONAL STANDARD BOOK NUMBER
International Standard Book Number 2900323083224
041 ## - LANGUAGE CODE
Language code of text/sound track or separate title eng
080 ## - UNIVERSAL DECIMAL CLASSIFICATION NUMBER
Edition identifier FOURTH EDITION
Universal Decimal Classification number 616.073
082 ## - DEWEY DECIMAL CLASSIFICATION NUMBER
Classification number 616.073 FAU
100 ## - Rafti
Rafti 12
101 ## - Shkurtesa
Shkurtesa RADIO
245 ## - TITLE STATEMENT
Title RADIOGRAPHIC IMAGING&EXPOSURE
Statement of responsibility, etc FAUBER T
942 ## - ADDED ENTRY ELEMENTS (KOHA)
Source of classification or shelving scheme
Item type Books
Holdings
Withdrawn status Lost status Source of classification or shelving scheme Damaged status Not for loan Collection code Permanent location Current location Date acquired Total Checkouts Full call number Barcode Date last seen Price effective from Koha item type
          Koleksioni i përgjithshem UBT - Lipjan UBT - Lipjan 11/10/2022   616.073 FAU 002-800028700260590 11/10/2022 11/10/2022 Books
UBT Library © 2015-2024. All rights reserved University Education for Business and Technology